What is biblical theology? : (Record no. 9333)

MARC details
000 -LEADER
fixed length control field 02494cam a22003618i 4500
001 - CONTROL NUMBER
control field 855779179
003 - CONTROL NUMBER IDENTIFIER
control field OCoLC
005 - DATE AND TIME OF LATEST TRANSACTION
control field 20241126110710.0
008 - FIXED-LENGTH DATA ELEMENTS--GENERAL INFORMATION
fixed length control field 130809s2014 ilu b 001 0 eng
010 ## -
-- 2013022763
020 ## - INTERNATIONAL STANDARD BOOK NUMBER
International Standard Book Number 9781433537714 (tp)
020 ## - INTERNATIONAL STANDARD BOOK NUMBER
International Standard Book Number 1433537710 (tp)
035 ## - SYSTEM CONTROL NUMBER
System control number (OCoLC)855779179
Canceled/invalid control number (OCoLC)843532970
040 ## - CATALOGING SOURCE
Original cataloging agency DLC
Language of cataloging eng
Description conventions rda
Transcribing agency DLC
Modifying agency OCLCO
-- YDXCP
-- BTCTA
-- BDX
-- SGB
-- OCLCQ
042 ## -
-- pcc
050 00 -
-- BS543
-- .H3355 2014
082 00 - DEWEY DECIMAL CLASSIFICATION NUMBER
Classification number 230.041
Edition information 23
Item number HAM
092 ## - LOCALLY ASSIGNED DEWEY CALL NUMBER (OCLC)
Classification number 230.041
Item number H18w
100 1# - MAIN ENTRY--PERSONAL NAME
Personal name Hamilton, James M.,
Dates associated with a name 1974-
Authority record control number or standard number https://id.loc.gov/authorities/names/n2010033502
9 (RLIN) 15810
245 10 - TITLE STATEMENT
Title What is biblical theology? :
Remainder of title a guide to the Bible's story, symbolism, and patterns /
Statement of responsibility, etc. James M. Hamilton Jr.
264 #1 - PRODUCTION, PUBLICATION, DISTRIBUTION, MANUFACTURE, AND COPYRIGHT NOTICE
Place of production, publication, distribution, manufacture Wheaton, Illinois :
Name of producer, publisher, distributor, manufacturer Crossway,
Date of production, publication, distribution, manufacture, or copyright notice 2014.
300 ## - PHYSICAL DESCRIPTION
Extent 127 pages ;
Dimensions 21 cm
336 ## - CONTENT TYPE
Content type term text
Content type code txt
Source rdacontent
337 ## - MEDIA TYPE
Media type term unmediated
Media type code n
Source rdamedia
338 ## - CARRIER TYPE
Carrier type term volume
Carrier type code nc
Source rdacarrier
504 ## - BIBLIOGRAPHY, ETC. NOTE
Bibliography, etc. note Includes bibliographical references and indexes.
505 0# - FORMATTED CONTENTS NOTE
Formatted contents note A better world breaks through -- What is biblical theology? -- Part 1 : The Bible's big story. The narrative -- Plot conflict, episodes, and theme -- The mystery -- Part 2 : The Bible's symbolic universe. What do symbols do? -- Imagery -- Typology -- Patterns -- Part 3 : The Bible's love story. A song for the lady in waiting : the bride of Christ and biblical theology -- The church's identity in the story -- The church's setting in the story -- The church's plot tension and its resolution.
520 ## - SUMMARY, ETC.
Summary, etc. How do you read the Bible? The Bible recounts a single story -- one that began at creation, encompasses our lives today, and will continue till Christ's return and beyond. In What Is Biblical Theology?, Jim Hamilton introduces us to this narrative, helping us understand the worldview of the biblical writers so that we can read the Old and New Testaments as those authors intended. Tracing the key patterns, symbols, and themes that bind the Bible together, this book will help you understand Scripture's unified message and find your place in the great story of redemption. - Publisher.
630 00 - SUBJECT ADDED ENTRY--UNIFORM TITLE
Uniform title Bible
General subdivision Theology.
Authority record control number or standard number https://id.loc.gov/authorities/subjects/sh85013722
9 (RLIN) 357
630 00 - SUBJECT ADDED ENTRY--UNIFORM TITLE
Uniform title Bible
Form subdivision Introductions.
Authority record control number or standard number https://id.loc.gov/authorities/subjects/sh85013670
9 (RLIN) 1507
776 08 - ADDITIONAL PHYSICAL FORM ENTRY
Relationship information Online version:
Main entry heading Hamilton, James M., 1974-
Title What is biblical theology?
Place, publisher, and date of publication Wheaton, Illinois : Crossway, 2014
International Standard Book Number 9781433537721
Record control number (DLC) 2013032856.
942 ## - ADDED ENTRY ELEMENTS (KOHA)
Source of classification or shelving scheme Dewey Decimal Classification
Koha item type Books
Koha issues (borrowed), all copies 1
Holdings
Withdrawn status Lost status Source of classification or shelving scheme Damaged status Not for loan Home library Current Library Shelving location Date acquired Total checkouts Full call number Barcode Date last seen Date last checked out Copy number Price effective from Koha item type
    Dewey Decimal Classification     GRACE BIBLE COLLEGE GRACE BIBLE COLLEGE Theology 2022-10-11 1 230.041 HAM 015806 2025-05-01 2022-11-21 c.1 2022-10-11 Books
© Grace Bible College Library 2025